000 00865cam a2200289 a 4500
001 15749682
003 OSt
005 20250417133936.0
008 090525s2009 nyu b 000 0 eng
010 _a 2009021005
020 _a9780307474773
040 _aDLC
_cDLC
_dYDX
_dBTCTA
_dYDXCP
_dZS3
_dDLC
050 0 0 _aPS2603
_b2009
082 0 0 _a818.309
_222
_bEd Gr
100 1 _aPoe, Edgar Allan,
_d1809-1849.
_911
240 1 0 _aWorks.
_kSelections.
_f2009
245 1 0 _aGreat tales and poems /
_cEdgar Allan Poe.
250 _a1st Vintage classics ed.
260 _aNew York :
_bVintage Books,
_c2009.
300 _avi, 249 p. ;
_c21 cm.
490 1 _aVintage classics
504 _aIncludes bibliographical references.
650 0 _aFantasy literature, American.
_912
650 0 _aHorror tales, American.
_913
830 0 _aVintage classics.
_914
942 _2ddc
_cBK
999 _c20
_d20